000 00578nam a2200157 i 4500
001 42230
003 ES-MaACL
007 t|
008 030313s1947 sp ||||1| spa d
100 1 _aCastillo, Alberto del.
_936670
245 1 0 _aJosé María Sert
_b: su vida y su obra /
_cpor Alberto del Castillo ; con la colaboración de A. Cirici Pellicer.
260 _aBarcelona, etc. :
_bArgos,
_c1947 (
_fGráf. de la Sociedad General de Publicaciones)
300 _a351 p., 231 lám. :
_bil. ;
_c34 cm.
700 1 _aCirici, Alexandre.
_938890
852 _aES-MaACL
_jB-5918
_bR.25180
999 _c42230
_d42230